000 00634nam a2200229Ia 4500
005 20250923145742.0
008 008 250917s9999 xx 000 0 eng d
037 _aTextual
040 _aDSWL
_beng
_cDSWL
041 _aeng
_2eng
084 _aT6:g, N86.2
_qDSWL
100 _aHogg, Jones
_9838578
245 0 _aProfound retardation and multiple impairatent
_cby Jones Hogg
260 _aLondon
_bLondon Grom Helm
_c1986
300 _axi,283p.
365 _aGBP
_b14.95
490 _vVol.2
700 _a Jucly Sebba
_9838579
925 _g14.95
942 _cTEXL
_hT6:g, N86.2
999 _c1455243
_d1455243